Szczegóły MARC21

Długowieczność w systemach emerytalnych : narzędzia ekonomii behawioralnej i zarządzanie ryzykiem /

003 -Nazwa inst., której nr kontr. jest w polu 001 [,]
    • @
    • Nazwa instytucji, której n kontrolny jest w polu 001
    • NUKAT
005 -DATA I CZAS OSTATNIEJ MODYFIKACJI [,]
    • @
    • pole kontrolne
    • 20250915141633.0
020 -Międzynarod. znormalizowany nr książki - ISBN [ , ]
    • a
    • Numer ISBN
    • 9788377757345 Find
    • q
    • Dopowiedzenie
    • (oprawa miękka)
020 -Międzynarod. znormalizowany nr książki - ISBN [ , ]
    • z
    • Błędny ISBN (P)
    • 9788377757758 Find
    • q
    • Dopowiedzenie
    • (e-book)
024 -Inne numery identyfikacyjne – DOI [7, ]
    • a
    • Numer DOI
    • 10.21008/b.978-83-7775-775-8
    • 2
    • Źródło numeru lub kodu
    • doi
040 -Instytucja sporządzająca opis [ , ]
    • a
    • Instytucja, która sporządziła opis (NP)
    • WA N
    • c
    • Instytucja, która sporządziła rekord (NP)
    • WA N
    • d
    • Instytucja, która zmodyfikowała rekord (P)
    • WA N
942 -Rodzaj dokumentu [ , ]
    • c
    • Rodzaj dokumentu
    • Książka
100 -Hasło główne - nazwa osobowa [1, ]
    • a
    • Nazwa osobowa (NP)
    • Szczepański, Marek
    • d
    • Daty biograficzne (NP)
    • (1959- ).
    • e
    • Rodzaj współpracy
    • Autor
    • 9
    • KHW
    • 20515
245 -Strefa tytułu i oznaczenia odpowiedzialności [1,0]
    • a
    • Tytuł
    • Długowieczność w systemach emerytalnych : Find
    • b
    • Ciąg dalszy tytułu (NP)
    • narzędzia ekonomii behawioralnej i zarządzanie ryzykiem / Find
    • c
    • Pozostałe elementy strefy tytułu i oznaczenia odpowiedzialności (NP)
    • Marek Szczepański.
260 -Strefa adresu wydawniczego [ , ]
    • a
    • Miejsce wydania (P)
    • Poznań :
    • b
    • Nazwa wydawcy (P)
    • Wydawnictwo Politechniki Poznańskiej,
    • c
    • Data wydania (P)
    • 2024.
300 -Strefa opisu fizycznego [ , ]
    • a
    • Określenie formy książki i/lub objętość (NP)
    • 396 stron :
    • b
    • Oznaczenie ilustracji (NP)
    • ilustracje, wykresy ;
    • c
    • Format (NP)
    • 24 cm.
336 -Typ zawartości [ , ]
    • a
    • Termin opisujący typ zawartości
    • Tekst
    • b
    • Kod określający zawartość
    • txt
    • 2
    • Źródło (terminu i kodu)
    • rdacontent
337 -Typ mediów [ , ]
    • a
    • Tryb odtwarzania
    • Bez urządzenia pośredniczącego
    • b
    • Kod typu mediów
    • n
    • 2
    • Źródło (terminu i kodu)
    • rdamedia
338 -Typ/rodzaj nośnika [ , ]
    • a
    • Hasło opisujące typ nośnika
    • Wolumin
    • b
    • Kod typu nośnika
    • nc
    • 2
    • Źródło (terminu i kodu)
    • rdacarrier
380 -Deskryptor - Forma dzieła (P) [ , ]
    • a
    • forma dzieła (NP)
    • Książki
380 -Deskryptor - Forma dzieła (P) [ , ]
    • a
    • forma dzieła (NP)
    • Publikacje dydaktyczne
380 -Deskryptor - Forma dzieła (P) [ , ]
    • a
    • forma dzieła (NP)
    • Publikacje fachowe
380 -Deskryptor - Forma dzieła (P) [ , ]
    • a
    • forma dzieła (NP)
    • Publikacje naukowe
385 -Deskryptor - grupa odbiorców (P) [ , ]
    • m
    • wyrażenie wprowadzające (NP)
    • Poziom nauczania
    • a
    • termin określający odbiorcę (P)
    • Szkoły wyższe
385 -Deskryptor - grupa odbiorców (P) [ , ]
    • a
    • termin określający odbiorcę (P)
    • Ekonomiści i ekonomistki
385 -Deskryptor - grupa odbiorców (P) [ , ]
    • a
    • termin określający odbiorcę (P)
    • Filozofowie
385 -Deskryptor - grupa odbiorców (P) [ , ]
    • a
    • termin określający odbiorcę (P)
    • Historycy
385 -Deskryptor - grupa odbiorców (P) [ , ]
    • a
    • termin określający odbiorcę (P)
    • Lekarze
385 -Deskryptor - grupa odbiorców (P) [ , ]
    • a
    • termin określający odbiorcę (P)
    • Politolodzy
385 -Deskryptor - grupa odbiorców (P) [ , ]
    • a
    • termin określający odbiorcę (P)
    • Prawnicy i prawniczki
385 -Deskryptor - grupa odbiorców (P) [ , ]
    • a
    • termin określający odbiorcę (P)
    • Socjolodzy
388 -Deskryptor - czas powstania dzieła (P) [1, ]
    • a
    • Czas powstania dzieła (NP)
    • 2001-
504 -Uwaga dot. bibliogr. załącznikowej [ , ]
    • a
    • Uwaga dot. bibliografii załącznikowej
    • Bibliografia, netografia na stronach 347-384.
521 -Uwaga dot. przeznaczenia czytelniczego [8, ]
    • a
    • Uwaga dot. przeznaczenia czytelniczego
    • Dla ekonomistów i prawników, a także socjologów, politologów, historyków gospodarczych, filozofów czy lekarzy oraz dla osób nauczających przedmiotów z zakresu nauk społecznych, a zwłaszcza ekonomii emerytalnej.
536 -Uwaga dot. finansowania książki [ , ]
    • a
    • Tekst uwagi
    • Współfinansowanie: Powszechne Towarzystwo Emerytalne PZU
648 -Hasło przedmiotowe - chronologia [ ,7]
    • a
    • Deskryptor chronologiczny
    • 2001-
    • 2
    • Źródło terminu
    • DBN
    • 9
    • KHW
    • 721449
650 -Hasło przedmiotowe [ ,7]
    • a
    • Hasło przedmiotowe
    • Długowieczność
    • 2
    • Źródło terminu
    • DBN
    • 9
    • KHW
    • 722949
650 -Hasło przedmiotowe [ ,7]
    • a
    • Hasło przedmiotowe
    • Ekonomia behawioralna
    • 2
    • Źródło terminu
    • DBN
    • 9
    • KHW
    • 722968
650 -Hasło przedmiotowe [ ,7]
    • a
    • Hasło przedmiotowe
    • Oczekiwana długość życia
    • 2
    • Źródło terminu
    • DBN
    • 9
    • KHW
    • 722985
650 -Hasło przedmiotowe [ ,7]
    • a
    • Hasło przedmiotowe
    • Oszczędzanie na emeryturę
    • 2
    • Źródło terminu
    • DBN
    • 9
    • KHW
    • 722990
650 -Hasło przedmiotowe [ ,7]
    • a
    • Hasło przedmiotowe
    • Starzenie się społeczeństwa
    • 2
    • Źródło terminu
    • DBN
    • 9
    • KHW
    • 721518
650 -Hasło przedmiotowe [ ,7]
    • a
    • Hasło przedmiotowe
    • System emerytalny
    • 2
    • Źródło terminu
    • DBN
    • 9
    • KHW
    • 721540
650 -Hasło przedmiotowe [ ,7]
    • a
    • Hasło przedmiotowe
    • Zarządzanie ryzykiem
    • 2
    • Źródło terminu
    • DBN
    • 9
    • KHW
    • 722348
651 -Hasło przedmiotowe w formie nazwy geograficznej [ ,7]
    • a
    • Nazwa geograficzna
    • Polska
    • 2
    • Źródło terminu
    • DBN
    • 9
    • KHW
    • 721438
655 -Hasło w funkcji tematu formalnego [ ,7]
    • a
    • Hasło
    • Materiały pomocnicze
    • 2
    • Źródło terminu
    • DBN
    • 9
    • KHW
    • 722015
655 -Hasło w funkcji tematu formalnego [ ,7]
    • a
    • Hasło
    • Monografia
    • 2
    • Źródło terminu
    • DBN
    • 9
    • KHW
    • 721273
658 -Ujęcie treści [ , ]
    • a
    • dziedzina nauki i sztuki/ sfera aktywności życiowej
    • Gospodarka, ekonomia, finanse
658 -Ujęcie treści [ , ]
    • a
    • dziedzina nauki i sztuki/ sfera aktywności życiowej
    • Socjologia i społeczeństwo
710 -Hasło dodatkowe - nazwa ciała zbiorowego [2, ]
    • a
    • Nazwa ciała zbiorowego lub nazwa geograficzna jako pierwszy element (NP)
    • Politechnika Poznańska.
    • b
    • Nazwa jednostki podrzędnej (P)
    • Wydawnictwo.
    • e
    • Rodzaj współpracy
    • Wydawca
    • 4
    • Kod relacji
    • pbl
    • 9
    • KHW
    • 78196
920 -ISBN [ , ]
    • a
    • ISBN
    • 978-83-7775-734-5 (oprawa miękka) Find
920 -ISBN [ , ]
    • z
    • Błędny ISBN
    • 978-83-7775-775-8 (e-book) Find
Status udost. Numer inwentarzowy Data inwentaryzacji Lokalizacja
-2E.815272025-04-25BE